Opis a ukážky vykonávania štatistických analýz pomocou doplnku Analytické nástroje programu Excel bakalárska práca

Saved in:
Bibliographic Details
Main Author: Šubínová, Kristína
Corporate Author: Fakulta hospodárskej informatiky EU. Katedra účtovníctva a audítorstva
Other Authors: Šoltés, Erik, 1974-
Format: Book
Language:Slovak
Published: Bratislava 2009
Tags: Add Tag
No Tags, Be the first to tag this record!

MARC

LEADER 00000nam$a2200000$$$4500
001 0102298
005 20240318134808.6
041 0 |a slo 
044 |a SK 
245 1 0 |a Opis a ukážky vykonávania štatistických analýz pomocou doplnku Analytické nástroje programu Excel  |b bakalárska práca  |c Kristína Šubínová ; škol. Erik Šoltés 
264 1 |a Bratislava  |c 2009 
300 |a 31 s. 
100 1 |a Šubínová, Kristína 
700 1 |a Šoltés, Erik, 1974- 
710 2 |a Fakulta hospodárskej informatiky EU. Katedra účtovníctva a audítorstva